Capitales en fonction des drapeaux 1 - Statistiques

Statistiques générales
  • Ce quiz a été pris 80 fois
  • Le résultat moyen est 12 sur 16
Statistiques - réponses
Par images Réponse % Correct
Madrid
100%
Brasilia
96%
Tokyo
96%
Pekin
95%
New delhi
94%
Ottawa
94%
Kiev
92%
Rabat
91%
Le Caire
84%
Le Cap / Pretoria / Johannesburg / Bloemfontein
80%
Caracas
65%
Riyad
65%
Antananarivo
47%
Sri jayawardenepura kotte
38%
Bichkek
34%
Vientiane
34%
Aucun quiz correspondant
Distribution des résultats
% des personnes avec chaque résultat
Percentile par nombre de réponses
Votre historique - résultats
Vous n’avez pas pris ce quiz